000 00677nam a2200205Ia 4500
003 GCL
008 140319s9999 xx 000 0 ara d
040 _aGCL /
_cGCL
082 0 4 _a245
_bع م
100 1 _aعبدالرحمن عميرة
245 1 0 _aالمذاهب المعاصرة وموقف الاسلام /
_cعبدالرحمن عميرة
260 _a[S.N] :
_bدار الجيل ،
_c1987
300 _a344 ص
490 _a
650 0 4 _aالاسلام والمذاهب السياسية
650 0 4 _aالاسلام والفلسفة
650 0 4 _aالاسلام والمذاهب الالحادية
650 0 4 _aالفلسفة الغربية
942 _2ddc
_cBK
999 _c38004
_d38004